Score 0/20 Timer 04:00
3 Plays Today
% Correct
Homer Simpson
99.6%
Donald Duck
97.5%
Snow White
95.9%
Wilma Flintstone
93.8%
Mickey Mouse
93.7%
Snoopy
92.7%
Spongebob Squarepants & Squidward Tentacles
91.6%
Robin Hood & Little John
89.5%
Jetson Family
84%
Peter Griffin
83.3%
% Correct
Remy
82.5%
Wile E. Coyote
80.5%
Bob Belcher
72.6%
Bender
70.5%
Hank Hill
66.6%
Sterling Archer & Lana Kane
66.6%
David Read
66.5%
Sailor Moon
59.2%
Kronk & Yzma
51.5%
Finn the Human & Jake the Dog
45.2%
Remove Ads.
Support Sporcle.
Get the best of Sporcle when you Go Orange. This ad-free experience offers more features, more stats, and more fun while also helping to support Sporcle. Thank you for becoming a member.

You're not logged in!

Compare scores with friends on all Sporcle quizzes.
OR
Log In

Show Comments

Extras

Top Quizzes Today


Score Distribution

Your Account Isn't Verified!

In order to create a playlist on Sporcle, you need to verify the email address you used during registration. Go to your Sporcle Settings to finish the process.

Report this User

Report this user for behavior that violates our Community Guidelines.

Details: